000 00947nam a22002417a 4500
005 20220406150827.0
008 220406b ||||| |||| 00| 0 eng d
020 _a0140139451
040 _cAloy
041 _aeng
082 _223
_a320.092
_bEVAD
100 _aRichard Evans
_928111
245 _aDeng Xiaoping and the making of modern China
260 _aEngland
_bPenguin Books
_c1998
300 _axi,353 p.
_bPB
_c20x13 p.
365 _b5.00
_c£
_d5.00
520 _aCredited as the architect that brought the Chinese economy into the global market, Deng Xiaoping is considered one of China’s greatest leaders. From his peasant upbringing, to his political rise in Bejing, this complete biography gives a rare look inside the private life of the celebrated politician.
650 _aBiography
_928112
650 _aNational Leader
_928113
650 _aMending China
_928114
700 _aEVANS (Richard)
_928115
942 _2ddc
_cGF
999 _c222231
_d222231